Statystyki dla Średniowieczna Europa I - daty

Kliknij tutaj aby rozwiązać quiz!

Ogólne statystyki

  • Ten quiz został rozwiązany 78 razy
  • Średni wynik to 16 z 70

Statystyki odpowiedzi

HintOdpowiedź% Poprawnych
Bitwa pod Poitiers732
70%
Karol Wielki cesarzem800
70%
Turcy zdobywają Konstantynopol1453
55%
Traktat w Verdun843
53%
Wielka schizma wschodnia1054
50%
Chrzest Chlodwiga I496
50%
Hidżra Mahometa622
50%
Krzyżowcy zdobywają Konstantynopol1204
48%
Bitwa pod Hastings1066
45%
Śmierć Karola Wielkiego814
45%
Otton I zostaje cesarzem962
45%
Śmierć Mahometa632
40%
W Canossie papież zawiera pokój z cesarzem1077
35%
Konkordat wormacki między Henrykiem V a Kalikstem II1122
35%
Bitwa na Lechowym Polu955
33%
Grzegorz VII formułuje Dictatus Papae1075
30%
Śmierć Konstantyna XI1453
30%
Koronacja Stefana I na króla Węgier1000/1001
28%
Ekskomunika Henryka IV1076
28%
Pepin Krótki detronizuje Childeryka III751
28%
Justynian I władcą Bizancjum527
25%
Śmierć Pepina Krótkiego768
25%
Włodzimierz I Wielki przyjmuje chrzest988
25%
Chlodwig I obejmuje władzę w Galii481
23%
Śmierć Odoakra493
23%
Upadek Królestwa Ostrogotów553
23%
Początek panowania dynastii Karolingów751
23%
Karol samodzielnym władcą Franków771
23%
Otton I podbija Włochy962
23%
Bitwa pod Stamford Bridge1066
20%
Michał Paleolog odzyskuje Konstantynopol1261
20%
Powstanie kalifatu Umajjadów661
20%
Karloman i Karol królami Franków768
20%
Koniec wschodniofrankijskich Karolingów911
20%
Powstanie Królestwa Longobardów568
18%
Karol Młot zostaje majordomem714
18%
Śmierć Karlomana I771
18%
Karol podbija Królestwo Longobardów774
18%
Umiera Ludwik IV Dziecię911
18%
Powstanie Królestwa Ostrogotów493
15%
Abbasydowie obalają Umajjadów750
15%
Wikingowie łupią klasztor w Lindisfarne793
15%
Wielkie Morawy upadają po najazdach węgierskich907
15%
Śmierć Ludwika V Gnuśnego987
15%
Królem Francji Hugo Kapet987
15%
Knut Wielki zdobywa Londyn i zostaje królem Anglii1016
13%
Śmierć Knuta Wielkiego1035
13%
Rozbicie dzielnicowe Rusi1054
13%
Normanowie pod wodzą Guiscarda plądrują Rzym1084
13%
Mongołowie zdobywają Bagdad; upadek kalifatu1258
13%
Koniec budowy Hagii Sophii537
13%
Dżuma Justyniana542
13%
Childeryk III królem743
13%
Śmierć Haruna ar-Raszida809
13%
Cyryl i Metody rozpoczynają działalność na Morawach863
13%
Borzywoj I przyjmuje chrzest884
13%
Powstaje księstwo Normandii911
13%
Koniec zachodniofrankijskich Karolingów987
13%
Knut władcą Danii1018
10%
Knut władcą Norwegii1028
10%
Makbet władcą Szkocji1040
10%
Początek panowania królów gnuśnych639
10%
Śmierć Dagoberta I639
10%
Początek panowania Haruna ar-Raszida786
10%
Mojmir I, władca Moraw, przyjmuje chrzest831
10%
Powstaje Ruś Nowogrodzka862
10%
Ruryk przybywa do Nowogrodu Wielkiego862
10%
Śmierć Wacława I Świętego935
10%
Bolesław I Srogi władcą Czech935
10%
Śmierć Teuderyka IV737
8%

Rozkład punktacji

Percentyl według liczby udzielonych odpowiedzi

Procent ludzi z każdym wynikiem

Twoja historia wyników

Nie rozwiązałeś tego quizu